|
|
|
|
| LEADER |
01074nam a2200289 a 4500 |
| 001 |
2136745 |
| 008 |
050909s1993 dcua b i000 0 eng d |
| 010 |
|
|
|a 97207679
|
| 020 |
|
|
|a 0855981873
|
| 040 |
|
|
|a DJBF
|c DJBF
|d DLC
|
| 082 |
0 |
0 |
|a 362.1/0951
|2 21
|
| 100 |
1 |
|
|a Goldman,Hilary.
|
| 245 |
0 |
0 |
|a Financing health care
|
| 260 |
|
|
|a Washington, D.C.;
|a London :
|b World Bank;
|a Oxfam,
|c 1993.
|
| 300 |
|
|
|a xi, 80 p. :
|b ill. ;
|c 21 cm.
|
| 490 |
|
0 |
|a Oxfam practical health guide no.8
|
| 504 |
|
|
|a Includes index and bibliographical references.
|
| 541 |
1 |
|
|e 00005767
|
| 650 |
|
0 |
|a Medical care
|z China
|x Finance.
|
| 650 |
|
0 |
|a Health care reform
|x Economic aspects
|z China.
|
| 650 |
|
0 |
|a Medical policy
|z China.
|
| 650 |
|
0 |
|a Public health
|z China.
|
| 650 |
|
0 |
|a Health insurance
|z China.
|
| 700 |
1 |
|
|a Waddington,Crtriona.
|
| 852 |
4 |
|
|a Ayesha Abed Library
|j General Shelf.
|
| 999 |
|
|
|c 3813
|d 3813
|
| 952 |
|
|
|0 0
|1 0
|2 ddc
|4 0
|6 362_109510000000000_GOO_1993
|7 0
|9 3465
|a BRACUL
|b BRACUL
|c GEN
|d 2009-09-06
|g 672.00
|l 1
|o 362.10951 GOO
|p 3010005767
|r 2016-06-28
|s 2016-06-27
|t 1
|v 1344.00
|w 2009-09-06
|y BK
|